Missing Word: Spring Festivals Quiz Stats

 Plays Quiz Updated Apr 4, 2018

Challenge
Share
Tweet
Embed
Score 0/10 Timer 04:00
1 Play Today
Fill in the blank Answers - in alphabetical order % Correct
Hanami, whose literal meaning is “to view flowers,” is the traditional practice of having parties underneath ____ blossom trees.Cherry
90%
New life is the focus of Cimburijada, or Festival of Scrambled ____.Eggs
88.8%
On Whuppity Scoorie, children run around the town church making noise and waving paper balls. One theory suggests that it originated from the desire to ward off evil ____.Spirits
82.1%
Poor Frosty! On Sechseläuten, a ____ called Böögg is set ablaze.Snowman
78.6%
Bloemencorso Bollenstreek is a 12-hour-long parade that features floats decorated with bulb flowers such as daffodils, hyacinths, and the country's famed ____.Tulips
76.3%
On the first day of spring, dolls (called Marzanna) representing winter are created; they are then brought to a lake, pond, or river and ____, symbolizing winter's demise. Drowned
67.3%
In a tribute to the colors of spring, Holi celebrants spray each other with colored powder and water using conveyances such as water ____ and water guns.Balloons
64.1%
Floriade, a flower festival that also features art exhibits and concerts, began in 1988 as a commemoration of Australia's 200th anniversary, or ____.Bicentennial
59.1%
During the month of March, people wear bracelets called martinitsas; these are worn until the first sign of spring -- a stork or a ____ in bloom -- is seen.Tree
39.7%
Two main events of Falles, a week-long celebration, are the creation of, and later burning of, ninots, which is Valencian for dolls or ____.Puppets
21.3%

Today's Daily Dose

Missing Word
Britpop Albums

Word Ladder
Sing It!

On This Day
December 14th II

You're not logged in!

Compare scores with friends on all Sporcle quizzes.
OR
Log In

You Might Also Like...

Show Comments

Extras

Top Quizzes Today


Score Distribution

Your Account Isn't Verified!

In order to create a playlist on Sporcle, you need to verify the email address you used during registration. Go to your Sporcle Settings to finish the process.

Report this User

Report this user for behavior that violates our Community Guidelines.

Details: